000
00268nam a22000977a 4500
008
240404b |||||||| |||| 00| 0 eng d
020
_a
9780141978611
100
_a
KOLK DER VAN BESSEL
_9
7757
245
_a
THE BODY KEEPS THE SCORE
260
_a
NEW DELHI
_b
PENGUIN BOOKS
_c
2015
999
_c
12552
_d
12552